Vývoj obchodnej bilancie predstavuje podľa NBS najväčšie riziko pre hospodárstvo štátu
Vývoj obchodnej bilancie považuje NBS za jeden z ťažiskových problémov hospodárstva SR. Rast dovozu predstihuje rast devízových rezerv. Hlavné riziko hospodárskeho vývoja SR spočíva, podľa vlády aj NBS, vo vývoji zahraničného obchodu, teda vývoj platobnej a obchodnej bilancie. Výška úrokových sadzie...
Salvato in:
| Autore principale: | |
|---|---|
| Natura: | Capitolo di libro |
| Lingua: | slovacco |
| Soggetti: | |
| Tags: |
Nessun Tag, puoi essere il primo ad aggiungerne!!
|
MARC
| LEADER | 00000naa a2200000 4500 | ||
|---|---|---|---|
| 001 | r025533 | ||
| 005 | 20230921080525.3 | ||
| 041 | 0 | |a slo | |
| 044 | |a SK | ||
| 245 | 1 | 0 | |a Vývoj obchodnej bilancie predstavuje podľa NBS najväčšie riziko pre hospodárstvo štátu |c P. Suďa |
| 520 | |a Vývoj obchodnej bilancie považuje NBS za jeden z ťažiskových problémov hospodárstva SR. Rast dovozu predstihuje rast devízových rezerv. Hlavné riziko hospodárskeho vývoja SR spočíva, podľa vlády aj NBS, vo vývoji zahraničného obchodu, teda vývoj platobnej a obchodnej bilancie. Výška úrokových sadzieb bánk. NBS je za postupnú privatizáciu bánk. | ||
| 610 | 2 | 0 | |a bilancia obchodná |
| 610 | 2 | 0 | |a bilancia platobná |
| 610 | 2 | 0 | |a rezervy devízové |
| 610 | 2 | 0 | |a obchod zahraničný |
| 610 | 2 | 0 | |a dovoz |
| 610 | 2 | 0 | |a úver |
| 610 | 2 | 0 | |a úrok |
| 610 | 2 | 0 | |a NBS Bratislava |
| 610 | 2 | 0 | |a privatizácia |
| 610 | 2 | 0 | |a banky |
| 610 | 2 | 0 | |a vývoj hospodársky |
| 100 | 1 | |a Suďa, P. | |